| 000 | 00508nam a2200169Ia 4500 | ||
|---|---|---|---|
| 003 | LDD | ||
| 008 | 190117s9999 xx 000 0 und d | ||
| 020 | _c₹150 | ||
| 040 | _cLDD | ||
| 041 | _ahi | ||
| 082 | _a8S2.09 श 63592 सं | ||
| 100 | _aशर्मा,श्याम | ||
| 245 | 0 |
_aसंस्कृत के ऐतिहासिक नाटक _cश्याम शर्मा |
|
| 260 |
_aजयपुर _bदेवनागर _c1974 |
||
| 300 | _axxii,484पृ. | ||
| 942 |
_2ddc _cH |
||
| 999 |
_c171443 _d171443 |
||